American railways as investments.

Bibliographic Details
Main Author: Giffen, Robert, 1837-1910
Format: Book
Language:English
Published: London : E. Stanford, 1872.
Series:Cracroft's investment tracts
Subjects:

MARC

Tag First Indicator Second Indicator Subfields
LEADER 00000cam a2200000 4500
001 in00000665681
005 20151015085857.0
008 801006r19741872miu a 00000 eng d
035 |a (OCoLC)06794566 
035 |9 ACY3660AM 
040 |a EEU  |c TXA  |d UtOrBLW 
049 |a TXAI 
090 |a HG4973  |b .G5 
099 |a film  |a B  |a 1512  |a reel  |a 618.32 
100 1 |a Giffen, Robert,  |d 1837-1910. 
245 1 0 |a American railways as investments. 
264 1 |a London :  |b E. Stanford,  |c 1872. 
300 |a x, 68 pages 
336 |a text  |b txt  |2 rdacontent 
337 |a microform  |b h  |2 rdamedia 
338 |a microfilm reel  |b hd  |2 rdacarrier 
490 0 |a Cracroft's investment tracts 
500 |a Microfilm. Ann Arbor, Mich., Xerox University Microfilms, 1974. 1 reel. 35 mm. (American Culture Series, reel 618.32) 
500 |a Microform. 
650 0 |a Investments. 
650 0 |a Railroads  |z United States  |x Finance. 
999 |a MARS 
999 f f |s edb6e61b-dc53-3c51-8c4f-21ace219b143  |i a17f8f48-0848-3a06-99bc-19f72d892188  |t 0 
952 f f |p default  |a Texas A&M University  |b College Station  |c Sterling C. Evans Library  |d Evans: Microforms (3rd floor)  |t 0  |e film B 1512 reel 618.32  |h Other scheme  |i microform -- microfilm reel 
998 f f |a film B 1512 reel 618.32  |t 0  |l Evans: Microforms (3rd floor)